El hule efecto de sus componentes en las propiedades físicas

में बचाया:
ग्रंथसूची विवरण
मुख्य लेखक: Belfort García, José F
स्वरूप: पुस्तक
प्रकाशित: San José, Costa Rica 1988
विषय:
टैग: टैग जोड़ें
कोई टैग नहीं, इस रिकॉर्ड को टैग करने वाले पहले व्यक्ति बनें!

MARC

LEADER 00000nam a2200000Ia 4500
003 004730
005 20221231144342.0
008 140114s1988 cr a m 000 ||s d
040 |c cru CEDI 
090 |a TFG 2192 
100 |a Belfort García, José F  |9 13484 
245 |a El hule efecto de sus componentes en las propiedades físicas  
260 |c 1988  |a San José, Costa Rica 
300 |a iv, 121 hojas : ilustraciones ; 28 cm  
500 |a Proyecto de graduación (licenciatura en ingeniería química)--Universidad de Costa Rica. Facultad de Ingeniería. Escuela de Ingeniería Química 
650 |x CAUCHO  |9 13485 
942 |c TFG 
999 |c 20581  |d 20581